000 00686cab a2200229 4500
001 WB3511-32
008 090401t1999 xxu||||| |||| 00| 0 eng d
035 _a(Sirsi) u92142
041 _aeng
245 _aNew fees for civil courts
260 _c1999
350 _a0
490 _aLord Chancellor`s Department Press Release
_v(56/99) 11 March 1999 (2)
520 _aA revised set of fees for civil cases will be introduced in April, in a bid to make courts more efficient. Available on website http://www.courtservice.gov.uk.
650 _aCIVIL CASES
650 _aCOURTS
650 _aFEES
650 _aREVISION
690 _aLAW
942 _n0
948 _c17/03/1999
999 _c58415
_d58415